Air defence, brassey's air power aircraft weapons systems and technology (Record no. 567290)
[ view plain ]
| 000 -LEADER | |
|---|---|
| fixed length control field | 00724nam a22001697a 4500 |
| 003 - CONTROL NUMBER IDENTIFIER | |
| control field | CEME |
| 005 - DATE AND TIME OF LATEST TRANSACTION | |
| control field | 20210628201825.0 |
| 008 - FIXED-LENGTH DATA ELEMENTS--GENERAL INFORMATION | |
| fixed length control field | 210222b xxu||||| |||| 00| 0 eng d |
| 020 ## - INTERNATIONAL STANDARD BOOK NUMBER | |
| International Standard Book Number | 0-08-034760-6 |
| 040 ## - CATALOGING SOURCE | |
| Transcribing agency | . |
| 082 ## - DEWEY DECIMAL CLASSIFICATION NUMBER | |
| Classification number | 623-BRA ELS |
| 100 ## - MAIN ENTRY--PERSONAL NAME | |
| Personal name | Elsam, M.B.Group Captain |
| 9 (RLIN) | 56967 |
| 245 ## - TITLE STATEMENT | |
| Title | Air defence, brassey's air power aircraft weapons systems and technology |
| 260 ## - PUBLICATION, DISTRIBUTION, ETC. | |
| Place of publication, distribution, etc. | LONDON |
| Name of publisher, distributor, etc. | BRASSEY'S |
| Date of publication, distribution, etc. | 1989 |
| 650 ## - SUBJECT ADDED ENTRY--TOPICAL TERM | |
| Topical term or geographic name entry element | BRASSEY'S AIR POWER, BRASSEY'S AIRCRAFT WEAPONS SYSTEMS, BRASSEY'S AIR DEFENCE SYSTEMS, BRASSEY'S AIR DEFENCE BATTLE, BRASSEY'S EARLY WARNING SYSTEMS, BRASSEY'S AIR DEFENCE AIRCRAFT, BRASSEY'S SURFACE TO AIR DEFENCE, BRASSEY'S COMMAND AND CONTROL, AIR DEFENCE-FUTURE |
| 9 (RLIN) | 56968 |
| 942 ## - ADDED ENTRY ELEMENTS (KOHA) | |
| Koha item type | Book |
| Source of classification or shelving scheme | |
| Withdrawn status | Lost status | Damaged status | Not for loan | Permanent Location | Current Location | Shelving location | Date acquired | Total Checkouts | Full call number | Barcode | Date last seen | Price effective from | Koha item type |
|---|---|---|---|---|---|---|---|---|---|---|---|---|---|
| College of Electrical & Mechanical Engineering (CEME) | College of Electrical & Mechanical Engineering (CEME) | General Stacks | 07/12/2017 | 623-BRA ELS | CEME-35248 | 06/28/2021 | 06/28/2021 | Book | |||||
| College of Electrical & Mechanical Engineering (CEME) | College of Electrical & Mechanical Engineering (CEME) | General Stacks | 07/12/2017 | 623-BRA ELS | CEME-36627 | 06/28/2021 | 06/28/2021 | Book |
